header

A dictionary of Iowa place-names (Record no. 34636)

MARC details
000 -LEADER
fixed length control field 01297nam a2200349 a 4500
082 04 - DEWEY DECIMAL CLASSIFICATION NUMBER
Classification number 917.77
100 1# - MAIN ENTRY--AUTHOR NAME
Personal name Savage, Tom,
245 12 - TITLE STATEMENT
Title A dictionary of Iowa place-names
260 ## - PUBLICATION, DISTRIBUTION, ETC. (IMPRINT)
Place of publication Iowa City :
Name of publisher University of Iowa Press,
Year of publication 2007.
300 ## - PHYSICAL DESCRIPTION
Number of Pages xxiv, 349 p.
490 1# - SERIES STATEMENT
Series statement A bur oak guide
650 #0 - SUBJECT ADDED ENTRY--TOPICAL TERM
Topical Term Names, Geographical
856 40 - ELECTRONIC LOCATION AND ACCESS
Uniform Resource Identifier http://site.ebrary.com/lib/rucke/Doc?id=10354661

No items available.

© 2026 Rongo University
Contact us: librarian | system librarian | Rongo university